Southville International School and Colleges
Your cart is empty.
  • Cart
  • Lists
    Public lists Eva Luna New books Lux_list list_1
    Your lists Log in to create your own lists
  • Log in to your account
  • Your cookies
  • Search history
Southville International School and Colleges
  • Advanced search
  • Recent comments
  • Most popular
  • Libraries

Log in to your account

Log in with GOOGLE


If you do not have an external account, but do have a local account, you can still log in:

  1. Home
  2. MARC view: Introduction to integrated humanities
Normal view MARC view ISBD view

Introduction to integrated humanities (Record no. 2837)

[ view plain ]
MARC details
000 -LEADER
fixed length control field 00647nam a22002297a 4500
003 - CONTROL NUMBER IDENTIFIER
control field FEu
005 - DATE AND TIME OF LATEST TRANSACTION
control field 20140310181742.0
008 - FIXED-LENGTH DATA ELEMENTS--GENERAL INFORMATION
fixed length control field 130215t xxu||||| |||| 00| 0 eng d
020 ## - INTERNATIONAL STANDARD BOOK NUMBER
International Standard Book Number 978-9-71044567-7
050 ## - LIBRARY OF CONGRESS CALL NUMBER
Classification number AZ 183 P5
Item number .Ya12 2010
082 ## - DEWEY DECIMAL CLASSIFICATION NUMBER
Classification number FIL 700.1 .Y13 2010
Item number .Ya12 2010
245 ## - TITLE STATEMENT
Title Introduction to integrated humanities
Remainder of title arts in the perspective of time
Statement of responsibility, etc Yagyagan, Daniel S.
250 ## - EDITION STATEMENT
Edition statement 1st ed.
260 ## - PUBLICATION, DISTRIBUTION, ETC. (IMPRINT)
Place of publication, distribution, etc Manila
Name of publisher, distributor, etc Mindshapers
Date of publication, distribution, etc c2010
300 ## - PHYSICAL DESCRIPTION
Extent 160 p.
Dimensions 21 cm.
Other physical details ill.
521 ## - TARGET AUDIENCE NOTE
Target audience note
526 ## - STUDY PROGRAM INFORMATION NOTE
Reading level 1210L-1700L
541 ## - IMMEDIATE SOURCE OF ACQUISITION NOTE
-- 1
541 ## - IMMEDIATE SOURCE OF ACQUISITION NOTE
-- 2
562 ## - COPY AND VERSION IDENTIFICATION NOTE
Number of copies 2
942 ## - ADDED ENTRY ELEMENTS (KOHA)
Source of classification or shelving scheme Library of Congress Classification
Koha item type
Call number prefix Filipininana
Holdings
Withdrawn status Lost status Source of classification or shelving scheme Damaged status Home library Current library Shelving location Date acquired Total Checkouts Full call number Barcode Date last seen Copy number Price effective from Koha item type
    Library of Congress Classification   College Library College Library Filipiniana Section 04/05/2013   AZ 183 .Ya12 2012 c13943 05/08/2018 2 04/05/2013 Books

Introduction to integrated humanities

APA

(2010). Introduction to integrated humanities. Manila: Mindshapers.

Chicago

2010. Introduction to integrated humanities. Manila: Mindshapers.

Harvard

(2010). Introduction to integrated humanities. Manila: Mindshapers.

MLA

Introduction to integrated humanities. Manila: Mindshapers. 2010.

  • Place hold
  • Print
  • Cite
  • Add to your cart (remove)
  • Save record
    BIBTEX Dublin Core MARCXML MARC (non-Unicode/MARC-8) MARC (Unicode/UTF-8) MARC (Unicode/UTF-8, Standard) MODS (XML) RIS
  • More searches
    Search for this title in:
    Other Libraries (WorldCat) Other Databases (Google Scholar) Online Stores (Bookfinder.com) Open Library (openlibrary.org)

Exporting to Dublin Core...

SOUTHVILLE LIBRARY

Southville International School and Colleges Library

1281 Tropical Ave. Cor. Luxembourg St., BF Homes International, Las Pinas City

Tel. No. 8256374 / 252358 Loc. 117/146

Powered by Koha